000 00740nam a22002177a 4500
005 20260211122357.0
010 _aENG-147806
020 _c250.00
_a8187501065
035 _aEN-131338
037 _bDBAD
082 _a378
_21
245 _aDirectory of Adult and Lifelong Learning in higher Education Institutions/
_ced.by l. Raja...[et.al]
250 _a1
260 _aNew Delhi
_bIndian adult education association
_c2026
270 _aIndian adult education association
_bNew Delhi
_e110002
_k011-23379306
_miaeadelhi@gmail.com
300 _a90p.
_c24cm(pb)
_bCol.,ill.
700 _aL. Raja
_eEditor
_987277
700 _aRajesh
_eEditor
_987279
700 _aB. Sanjoy
_eEditor
_987280
942 _2ddc
_cEN
_h378
_mDIR
999 _c214790
_d214790